Southville International School and Colleges
Your cart is empty.
  • Cart
  • Lists
    Public lists Eva Luna New books Lux_list list_1
    Your lists Log in to create your own lists
  • Log in to your account
  • Your cookies
  • Search history
Southville International School and Colleges
  • Advanced search
  • Recent comments
  • Most popular
  • Libraries

Log in to your account

Log in with GOOGLE


If you do not have an external account, but do have a local account, you can still log in:

  1. Home
  2. MARC view: Animals should definitely not act like people /
Normal view MARC view ISBD view

Animals should definitely not act like people / (Record no. 113322)

[ view plain ]
MARC details
000 -LEADER
fixed length control field 00709nam a2200205 a 4500
001 - CONTROL NUMBER
control field 3736
005 - DATE AND TIME OF LATEST TRANSACTION
control field 20140414132013.0
008 - FIXED-LENGTH DATA ELEMENTS--GENERAL INFORMATION
fixed length control field 061009s19uu xx 00 eng d
020 ## - INTERNATIONAL STANDARD BOOK NUMBER
International Standard Book Number 0-689-71287-1
050 ## - LIBRARY OF CONGRESS CALL NUMBER
Classification number TR
Item number AN5 1980
100 ## - MAIN ENTRY--PERSONAL NAME
Personal name Barrett, Judi
245 ## - TITLE STATEMENT
Title Animals should definitely not act like people /
Statement of responsibility, etc written by Judi Barrett and drawn by Ron Barrett.
260 ## - PUBLICATION, DISTRIBUTION, ETC. (IMPRINT)
Place of publication, distribution, etc New York :
Name of publisher, distributor, etc Aladdin Paperbacks,
Date of publication, distribution, etc 1980.
300 ## - PHYSICAL DESCRIPTION
Extent 1 v. p. : ill. ; cm.
520 ## - SUMMARY, ETC.
Summary, etc Depicts the inconveniences animals would be burdened with if they behaved like people.
650 ## - SUBJECT ADDED ENTRY--TOPICAL TERM
Topical term or geographic name as entry element Animals
General subdivision Juvenile humor.
650 ## - SUBJECT ADDED ENTRY--TOPICAL TERM
Topical term or geographic name as entry element Animal behavior
General subdivision pictorial works.
650 ## - SUBJECT ADDED ENTRY--TOPICAL TERM
Topical term or geographic name as entry element American wit and humor.
Holdings
Withdrawn status Lost status Damaged status Use restrictions Home library Current library Shelving location Date acquired Source of acquisition Total Checkouts Full call number Barcode Date last seen Price effective from Koha item type
        Munich Library Munich Library Teachers Reference Section 10/09/2006     TR AN5 1980 M4870 04/14/2014 04/14/2014 Books

Animals should definitely not act like people /

APA

Barrett J., . (1980). Animals should definitely not act like people. New York: Aladdin Paperbacks.

Chicago

Barrett Judi, . 1980. Animals should definitely not act like people. New York: Aladdin Paperbacks.

Harvard

Barrett J., . (1980). Animals should definitely not act like people. New York: Aladdin Paperbacks.

MLA

Barrett Judi, . Animals should definitely not act like people. New York: Aladdin Paperbacks. 1980.

  • Place hold
  • Print
  • Cite
  • Add to your cart (remove)
  • Save record
    BIBTEX Dublin Core MARCXML MARC (non-Unicode/MARC-8) MARC (Unicode/UTF-8) MARC (Unicode/UTF-8, Standard) MODS (XML) RIS
  • More searches
    Search for this title in:
    Other Libraries (WorldCat) Other Databases (Google Scholar) Online Stores (Bookfinder.com) Open Library (openlibrary.org)

Exporting to Dublin Core...

SOUTHVILLE LIBRARY

Southville International School and Colleges Library

1281 Tropical Ave. Cor. Luxembourg St., BF Homes International, Las Pinas City

Tel. No. 8256374 / 252358 Loc. 117/146

Powered by Koha